Loading...
| Religion | 0 | 6 | 0 | 1 | 60 | 81 | 118.17 | 0 | 0 | 0.00 | 0.00 |
| Science - Other | 0 | 4 | 0 | 0 | 40 | 13 | 59.00 | 1 | 2 | 0.00 | 0.00 |
| History - World | 0 | 4 | 2 | 0 | 30 | 55 | 93.75 | 1 | 2 | 0.00 | 0.00 |
| Literature - World | 0 | 3 | 0 | 0 | 30 | 87 | 121.33 | 0 | 1 | 0.00 | 0.00 |
| Science - Physics | 0 | 3 | 0 | 0 | 30 | 80 | 92.67 | 0 | 2 | 0.00 | 0.00 |
| History - Other | 0 | 3 | 1 | 2 | 25 | 127 | 135.33 | 0 | 1 | 0.00 | 0.00 |
| Social Science | 0 | 2 | 0 | 0 | 20 | 89 | 94.50 | 0 | 0 | 0.00 | 0.00 |
| Geography | 0 | 2 | 0 | 1 | 20 | 86 | 106.00 | 0 | 1 | 0.00 | 0.00 |
| Mythology | 0 | 2 | 1 | 0 | 15 | 64 | 90.00 | 1 | 2 | 0.00 | 0.00 |
| History - American | 0 | 3 | 3 | 1 | 15 | 106 | 114.00 | 0 | 2 | 0.00 | 0.00 |
| Pop Culture | 0 | 1 | 0 | 0 | 10 | 77 | 77.00 | 0 | 0 | 0.00 | 0.00 |
| History - European | 0 | 2 | 2 | 1 | 10 | 91 | 121.00 | 0 | 0 | 0.00 | 0.00 |
| Fine Arts - Other | 0 | 2 | 2 | 1 | 10 | 108 | 120.00 | 0 | 0 | 0.00 | 0.00 |
| Literature - British | 0 | 1 | 0 | 0 | 10 | 139 | 139.00 | 0 | 0 | 0.00 | 0.00 |
| Fine Arts - Painting and Sculpture | 0 | 1 | 0 | 0 | 10 | 104 | 104.00 | 0 | 0 | 0.00 | 0.00 |
| Philosophy | 0 | 0 | 0 | 0 | 0 | 0.00 | 0 | 0 | 0.00 | 0.00 | |
| Literature - European | 0 | 0 | 0 | 0 | 0 | 0.00 | 0 | 0 | 0.00 | 0.00 | |
| Science - Biology | 0 | 0 | 1 | 0 | -5 | 0.00 | 0 | 0 | 0.00 | 0.00 |